| 000 | 01609nam a2200289Ia 4500 | ||
|---|---|---|---|
| 999 |
_c44013 _d44013 |
||
| 001 | 10763 | ||
| 003 | GE_BSU | ||
| 005 | 20211125120637.0 | ||
| 008 | 181216s2011||||ge |||||||||||||| ||geo|| | ||
| 020 | _a9789941180729 | ||
| 040 | _cGE_BSU | ||
| 080 | _a32.001 მ-13 | ||
| 100 |
_aმაგშტადტი, თომას მ. _913033 |
||
| 245 |
_aგავიგოთ პოლიტიკა : _b იდეები, ინსტიტუტები და პრობლემები / _c თომას მ. მაგშტადტი ; [მთარგმნ.: არჩილ აბაშიძე, გიორგი გვალია, ელენე ნოდია [და სხვ.] |
||
| 250 | _aმეორე შესწორებული გამოცემა. | ||
| 264 |
_aთბილისი : _bილიას სახელმწ. უნ-ტის გამ-ბა, _c2011. |
||
| 300 |
_a702 გვ.; _b24 სმ. |
||
| 500 | _aშენიშვნ.: გვ. 672. | ||
| 501 | _aსიტყვარი: გვ. 673-702. | ||
| 653 | _a პოლიტოლოგია | ||
| 700 |
_aაბაშიძე, არჩილ _eმთარგმნელი _913037 |
||
| 700 |
_aგვალია, გიორგი _eმთარგმნელი _93007 |
||
| 700 |
_a ნოდია, ელენე და სხვ. _eმთარგმნელი _913038 |
||
| 700 |
_aნოდია, გია _eრედაქტორი _913039 |
||
| 700 |
_a აფრასიძე, დავით _eრედაქტორი _913040 |
||
| 942 |
_cBK _2udc |
||